000 00220nam a22000857a 4500
008 161227b xxu||||| |||| 00| 0 eng d
100 _92187
_aGupta.S.P
245 _aWork Book Social Political-7
260 _aNEw Delhi
_bAPC
_c2011
999 _c5076
_d5076